000 00327 a2200169 4500
001 186773
020 _a85-7153-189-7
040 _cMagnum
100 _aDiogo, Andréa V.
240 1 0 _aLinha
_lpor
245 1 0 _aLinha
300 _a16
362 0 _a2005
440 1 _aRHJ
697 _aLITERATURA INFANTIL
942 _cBK
999 _c186773
_d186773